000 00490nam a2200169 i 4500
001 93266
003 ES-MaACL
005 20230906181148.0
007 t|
008 050408s1957 sp ||||1| spa d
100 1 _aLópez, Arturo.
_973308
245 1 3 _a"El esclavo de Dios" /
_cArturo López y Julio López.
260 _aValladolid :
_b[s.n.],
_c1957 (
_fImp. Gráficas Lapalpoo)
300 _a78 p. ;
_c15 cm.
700 1 _aLópez, Julio.
_973349
852 _aES-MaACL
_jC-18153
_bR.41329
999 _c93266
_d93266